000 01153nam a22002657a 4500
999 _c64859
_d64859
005 20240530110755.0
008 181226s2017 ua ac f b 000 |dara d
017 _a2017/20000
_bمصر. دار الكتب
020 _a97897709034401
040 _aEG-CaGPL
_cEG-CaGPL
082 0 4 _221
_a962.074 /
_bق/أ خ
100 0 _aاسامة المندوه
245 1 0 _aخلف خطوط العدو :
_bمن بطولات حرب اكتوبر 73 /
_cاسامة المندوه ؛ تحرير وتوثيق خالد ابو بكر
250 _aط.1
260 _aالقاهرة :
_bدار الشروق ،
_c2017.
300 _a161 ص. :
_bايض ؛
_c24 سم.
504 _aيشتمل على ارجاعات ببليوجرافية
650 0 7 _2qrmak
_aحرب اكتوبر 1973م
_zمصر
651 0 7 _2qrmak
_aمصر
_xالاحوال السياسية
651 0 7 _2qrmak
_aمصر
_xتاريخ
_yالعصر الحديث
651 0 7 _2qrmak
_aمصر
_xتاريخ
_yالعصر الحديث
_xانور السادات ( 1971م - 1981م )
700 0 _aخالد ابو بكر
_eمحرر وموثق
942 _2ddc
_cBK